MARC

LEADER 00000nam0a2200000 4500
001 169110
005 20231031163315.0
020 |a RU  |b 91-12646 
035 |a (RuTPU)RU\TPU\book\183447 
090 |a 169110 
100 |a 20091106d1990 k a0rusy5003 ca 
101 0 |a rus 
102 |a RU 
105 |a a z 001zy 
200 1 |a Антропогенное воздействие на русловые процессы  |e учебное пособие  |f Н. Б. Барышников  |g Ленинградский гидрометеорологический институт 
210 |a Ленинград  |c ЛГМИ  |d 1990 
215 |a 140 с.  |c ил.  |d 22 см 
320 |a Библиогр.: с. 136-137. (33 назв.) 
610 1 |a поток русловый 
610 1 |a антропический фактор 
610 1 |a значение 
610 1 |a учебные пособия 
610 1 |a русловые процессы 
610 1 |a русловые потоки 
610 1 |a гидротехнические сооружения 
610 1 |a русла 
610 1 |a деформация 
675 |a 556.537(075.8)  |z rus 
675 |a 627.4(075.8)  |z rus 
700 1 |a Барышников  |b Н. Б.  |g Николай Борисович  |4 070 
712 0 2 |a Ленинградский гидрометеорологический институт  |2 stltpush  |3 (RuTPU)RU\TPU\col\8522 
801 0 |a RU  |b RuMRKP  |c 19950417  |g psbo 
801 1 |a RU  |b 63413507  |c 20091106 
801 2 |a RU  |b 63413507  |c 20100421  |g RCR 
942 |c BK